Statistical mechanics

Đã lưu trong:
Chi tiết về thư mục
Tác giả chính: McQuarrie, Donald A. (autor)
Định dạng: Sách
Ngôn ngữ:Tiếng Anh
Được phát hành: Sausalito University Science Books 2000
Những chủ đề:
Các nhãn: Thêm thẻ
Không có thẻ, Là người đầu tiên thẻ bản ghi này!

MARC

LEADER 00000nam a2200000 a 4500
001 UCL9379
003 CL-VaPUC
008 040806e20000000US |||||||||||||||||eng|d
020 |a 1891389157 
082 0 4 |a 530.13  |b MCQ  |2 21 
100 |a McQuarrie, Donald A.  |e autor  |9 579217 
245 1 0 |a Statistical mechanics 
300 |a 641 p 
942 |c BK 
945 |d 20040806 00:00:00  |a cmena 
260 |a Sausalito  |b University Science Books  |c 2000 
650 0 |a Mecánica estadística  |9 261055 
650 0 |a Física matemática   |9 260981 
650 0 |a Mecánica cuántica  |9 306806 
650 0 |a Funciones (Matemáticas)  |9 338128 
583 |a last modification  |c 20040806 00:00:00  |k Rodrigo Vera 
999 |c 310174  |d 310172 
952 |0 0  |1 0  |4 0  |6 530_130000000000000_MCQ_2000  |7 0  |8 A  |9 378419  |a BIBCUR  |b BIBCUR  |d 2019-11-21  |i 4786831  |l 1  |m 1  |o 530.13 MCQ 2000  |p 4786831  |q 2025-05-13  |r 2025-04-30  |s 2025-04-30  |w 2019-11-21  |y BK  |k FIS